[Event "Almaty Open 2017"]
[Site "Almaty"]
[Date "2017.10.08"]
[Round "6"]
[White "Suleymenov, Alisher"]
[Black "Kostenko, Petr"]
[Result "1-0"]
[WhiteElo "2317"]
[BlackElo "2421"]
[Annotator "TA"]
[PlyCount "79"]
[EventDate "2017.??.??"]
[EventType "swiss"]
[EventCountry "KAZ"]
[SourceTitle "playchess.com"]
[Source "ChessBase"]
[SourceQuality "1"]

{[%evp 25,79,60,43,50,53,0,136,125,458,447,444,429,410,367,450,273,316,0,374,131,265,135,149,139,193,0,0,0,0,-97,-86,-194,-197,-233,-231,-208,-210,-987,410,410,379,403,369,380,300,168,607,596,580,563,1107,1029,12845,12846,12846,12847]} 1. d4 e6 2. c4 d5 3. Nc3 c6 4. Nf3 dxc4 5. g3 b5 6. Bg2 Bb7 7. O-O Nd7 8. e4 Ngf6 9. e5 {E01: Catalan: Early deviations} Nd5 10. Ng5 Nxc3 11. bxc3 Be7 12. Qh5 Bxg5 13. Bxg5 Qc7 {[#] LiveBook: 4 Games} 14. a4 $146 ({Predecessor:} 14. f4 Nf8 15. a4 h6 16. f5 exf5 {1-0 (35) Ivanisevic,I (2664)-Blagojevic,D (2519) Niksic 2008}) 14... Nb6 15. f4 $1 g6 (15... c5 $11 {remains equal.} 16. axb5 cxd4 17. Bxb7 Qxb7) 16. Qh6 $16 Nxa4 $2 {[%mdl 8192]} (16... c5 $16 {is a better chance.}) 17. f5 $18 gxf5 {[#]} 18. Rxf5 $3 {[%mdl 512]} Rf8 (18... exf5 19. Qg7 $16) 19. Qg7 h6 (19... exf5 20. e6 $18) 20. Bh4 (20. Bxh6 O-O-O $11) 20... Qd7 (20... Nxc3 21. Rf2 $11) 21. Rh5 $2 ({White has to play} 21. Rf2 $18) 21... f5 $2 {[%mdl 8192]} (21... Nxc3 $11 {and Black is okay.} 22. Rxh6 Ne2+ 23. Kf1 Qxd4 24. Kxe2 Qd3+ 25. Ke1 Qc3+ 26. Kf2 Qd4+ 27. Ke2 Qb2+ 28. Ke3 Kd7) 22. exf6 $2 (22. Qg6+ Qf7 $14) (22. Qxh6 $18 {and the rest is easy.} Nxc3 23. Qg6+ Qf7 24. Qxf7+ Rxf7 25. Rh8+ Rf8 26. Rh7) 22... Nxc3 {[#]} (22... O-O-O $16) 23. Rxh6 ({White must play} 23. f7+ $1 $18 Qxf7 24. Qe5) 23... O-O-O 24. Rh7 $40 {[%mdl 128] White wants a kill.} b4 (24... Qxd4+ $16 25. Kh1 Qd7) 25. f7 $2 ({Better is} 25. Re1 $18) 25... Qxd4+ $11 26. Qxd4 Ne2+ $1 {[%cal Bc3e2,Be2d4,Bd4f5][%mdl 32]} 27. Kh1 (27. Kf2 $11 Nxd4 28. Bxd8 Kxd8 29. Rxa7) 27... Nxd4 $17 28. Bxd8 (28. Be7 $17 b3 29. Rg7 (29. Rxa7 $2 c3 $19) (29. Bxd8 Kxd8 30. Rd1 c3 $19)) 28... Kxd8 $19 29. g4 (29. Rxa7 $2 c3 $19) 29... c3 {Strongly threatening ...b3.} 30. g5 b3 31. g6 $2 (31. Rh4 b2 32. Rxd4+ Kc7 33. Rdd1 (33. Rad1 $2 c2 $19) 33... Rxf7 34. Rdb1) 31... Nf5 $4 {[%mdl 8192] [#]} (31... b2 $19 {avoids the disaster.} 32. Rg1 Nf5) 32. Rh3 $1 $18 b2 33. Rd1+ Ke7 {Threatens to win with ...c2.} 34. Rxc3 Kf6 35. Rb3 ({Resist} 35. Bxc6 $6 Bxc6+ 36. Rxc6 a5 $18) (35. Rg1 $142) 35... Ba8 $2 (35... Ba6 36. Rg1 (36. Rxb2 Kxg6 37. Bxc6 Kxf7 $18) 36... Be2 37. Rxb2 Bh5 38. Bxc6 Bxg6) 36. Rxb2 {White is clearly winning.} Kxg6 37. Rd7 c5 38. Bxa8 Rxa8 39. Rg2+ Kf6 40. Rg8 {Precision: White = 48%, Black = 25%.} 1-0

[Event "Almaty Open 2017"]
[Site "Almaty"]
[Date "2017.10.08"]
[Round "6"]
[White "Maisuradze, Nino"]
[Black "Vahidov, Tair"]
[Result "0-1"]
[WhiteElo "2240"]
[BlackElo "2416"]
[Annotator "TA"]
[PlyCount "100"]
[EventDate "2017.??.??"]
[EventType "swiss"]
[EventCountry "KAZ"]
[SourceTitle "playchess.com"]
[Source "ChessBase"]
[SourceQuality "1"]

{[%evp 20,100,-54,-38,38,22,22,16,32,10,11,-31,-22,-23,3,-17,-16,-23,-16,-22,-6,-62,-66,-88,-31,-31,-33,-35,-26,-25,-32,-30,-32,-45,-41,-36,-35,-51,-15,-14,0,-41,-42,-43,-42,-96,-68,-100,-82,-92,-100,-160,-162,-144,-114,-269,-261,-268,-260,-399,-397,-429,-418,-472,-409,-453,-398,-479,-486,-548,-522,-568,-533,-850,-687,-747,-733,-743,-650,-571,-534,-479,-388]} 1. d4 Nf6 2. c4 g6 3. Nc3 d5 4. Bf4 Bg7 5. e3 c5 6. dxc5 Qa5 7. Rc1 dxc4 8. Bxc4 O-O 9. Nge2 Qxc5 10. Nb5 {D82: Grünfeld: 4 Bf4} (10. Qb3 Qa5 11. O-O Nbd7 12. Rfd1 Nc5 13. Qb5 Qxb5 14. Nxb5 Be6 15. Bxe6 Nxe6 16. Be5 Rfc8 17. Ned4 Nxd4 18. Nxd4 {½-½ (30) Matlakov,M (2691)-Li,C (2730) Novi Sad 2016}) 10... Qb4+ 11. Kf1 {LiveBook: 10 Games. And now a3 would win.} Na6 (11... Ne4 $15 12. a3 Qxb2) 12. a3 $1 $14 {[%cal Ra3b4] White is slightly better.} Qa5 13. b4 Qd8 $1 14. Qxd8 (14. f3 {with more complications.} Qxd1+ 15. Rxd1 Bd7 16. Kf2 Rfc8 17. Bd3) 14... Rxd8 15. Nc7 $146 ({Predecessor:} 15. Nbd4 Nh5 16. Bg5 Kf8 17. f3 h6 {1-0 (39) Soln,P (2300)-Skok,J (2150) Ljubljana 1993}) 15... Nxc7 16. Bxc7 Rf8 17. Be5 Bd7 18. f3 a5 19. b5 Rfc8 20. Bd4 (20. a4 $11) 20... Ne8 $15 {Hoping for ...Bxd4.} 21. Bxg7 {[#] Black must now prevent Be5.} Kxg7 ({Black should play} 21... Nd6 $1 $17 22. Bd3 Rxc1+ 23. Nxc1 Kxg7) 22. a4 $1 Nd6 23. Bb3 $1 Rxc1+ 24. Nxc1 Rc8 25. Ke2 $1 Be6 26. Bxe6 fxe6 {[%mdl 4096] Endgame KRN-KRN} 27. Nb3 Rc3 28. Rb1 Nc4 29. e4 b6 30. Nd4 Kf6 31. Ra1 Re3+ 32. Kf2 (32. Kf1 $15) 32... Rd3 $17 33. Ne2 Rd2 34. Rc1 Nb2 35. Ra1 {[#]} ({Better is} 35. Ke1 Rd8 36. Ra1) 35... Rc2 $1 36. Ke3 Rc4 37. f4 $2 (37. Rc1 $17 {was worth a try.}) 37... e5 $19 ({Weaker is} 37... Nxa4 38. e5+ Kg7 39. Nd4 $17) 38. Ra2 Nxa4 39. fxe5+ (39. Rd2 $142) 39... Kxe5 40. Ng3 Nc5 41. Ne2 Nxe4 42. Ra3 Nd6 43. Kd3 Rb4 {Black is clearly winning.} 44. Rc3 Nxb5 45. Rc6 Nd4 46. Rc7 Nxe2 47. Rxe7+ Kd5 48. Rxe2 Rd4+ 49. Kc3 Re4 50. Rd2+ Ke5 {Precision: White = 28%, Black = 55%.} 0-1

[Event "Almaty Open 2017"]
[Site "Almaty"]
[Date "2017.10.10"]
[Round "8"]
[White "Burmakin, Vladimir"]
[Black "Vokhidov, Shamsiddin"]
[Result "1-0"]
[WhiteElo "2515"]
[BlackElo "2399"]
[Annotator "TA"]
[PlyCount "115"]
[EventDate "2017.??.??"]
[EventType "swiss"]
[EventCountry "KAZ"]
[SourceTitle "playchess.com"]
[Source "ChessBase"]
[SourceQuality "1"]

{[%evp 17,115,18,44,25,41,19,18,15,27,26,53,0,6,3,14,1,17,17,13,0,18,0,22,24,27,20,138,40,47,0,0,0,0,0,0,11,45,38,46,25,26,12,56,30,44,45,51,50,206,230,304,300,306,256,256,242,241,204,282,291,294,288,293,292,328,328,322,316,316,222,207,0,206,0,215,218,239,245,254,254,336,240,218,216,261,227,435,402,424,423,626,613,738,733,710,706,840,818,4698,3682]} 1. Nf3 Nf6 2. b3 b6 3. Bb2 Bb7 4. e3 e6 5. Be2 Be7 6. O-O O-O 7. c4 c5 8. Nc3 d6 9. d4 Nbd7 {LiveBook: 22 Games. A30: Symmetrical English: Double Fianchetto and Hedgehog} (9... cxd4 10. Nxd4 a6 11. Bf3 Ra7 12. Rc1 Qd7 13. a3 h6 14. h3 Rc8 15. Re1 Bxf3 16. Qxf3 Qb7 17. e4 Nbd7 {1-0 (60) Deepan Chakkravarthy,J (2485)-Kunin,V (2576) Basel 2017}) 10. Qd3 a6 11. Rfd1 Rc8 $146 {The position is equal.} ({Predecessor:} 11... Re8 12. Nd2 Qc7 13. Rac1 Rad8 14. Bf3 Qb8 15. h3 h6 16. a3 Bf8 17. Bxb7 Qxb7 {0-1 (37) Wiertzema,M (2205)-Heissler,J (2449) Germany 2004}) 12. Rac1 Rc7 13. Ne1 {[%cal Bf3e1,Be1c2,Bc2d4][%mdl 32]} Qa8 14. Bf3 cxd4 15. Qxd4 Rd8 16. Be2 Qb8 17. Qf4 Bc6 18. Nc2 Bb7 19. Qg3 Nc5 20. f3 Rcc8 21. Nd4 {Threatens to win with Nd5!} h6 {[#]} (21... g6 $11 {keeps the balance.}) 22. Kh1 (22. Nd5 $1 $16 {[%mdl 512]} Bxd5 23. cxd5) 22... Kf8 23. Rd2 d5 24. Qxb8 Rxb8 25. b4 Ncd7 26. cxd5 exd5 27. b5 $36 {[%mdl 2048] White is pushing.} axb5 28. Ncxb5 Rbc8 29. Rb1 g6 30. Kg1 Bc5 31. Kf2 Re8 32. Ba3 Ne5 $2 {[#]} (32... Bxa3 $14 33. Nxa3 Rc5) 33. Bxc5+ $1 $18 bxc5 34. Nd6 $1 {[%csl LRb7,LRc8,LRe8]} Ba8 35. Nxe8 Rxe8 36. Nb5 Bc6 37. Rc1 Ned7 38. Na7 Ba4 39. Bb5 Bxb5 40. Nxb5 c4 41. Nc7 Re5 42. Rcd1 Nb6 43. Nb5 Na4 44. Nc7 $2 (44. Rb1 $18) 44... Kg7 $2 (44... Nb6 $1 $11) 45. Nb5 $2 ({Don't play} 45. Nxd5 $6 c3 $16) (45. Rc2 $18) 45... Re7 $2 (45... Kf8 $1 $11 {and Black has nothing to worry.}) 46. Rc2 Rb7 {[#]} 47. Rb1 $1 Nc5 48. Nc3 Re7 49. Re2 Ra7 50. Rb5 Nd3+ 51. Kf1 Rd7 $2 (51... Ra3) 52. a4 d4 53. exd4 {White is clearly winning.} Rxd4 (53... Nc1 $142 54. Rc2 Nb3) 54. Re7 g5 55. Rbb7 Kg6 56. Rxf7 Nf4 57. Rg7+ Kh5 58. Rb6 {Precision: White = 54%, Black = 23%.} 1-0

[Event "Almaty Open 2017"]
[Site "Almaty"]
[Date "2017.10.10"]
[Round "8"]
[White "Malakhatko, Vadim"]
[Black "Stupak, Kirill"]
[Result "1/2-1/2"]
[WhiteElo "2511"]
[BlackElo "2578"]
[Annotator "TA"]
[PlyCount "26"]
[EventDate "2017.??.??"]
[EventType "swiss"]
[EventCountry "KAZ"]
[SourceTitle "playchess.com"]
[Source "ChessBase"]
[SourceQuality "1"]

{[%evp 25,26,0,7]} 1. d4 Nf6 2. c4 e6 3. Nf3 d5 4. g3 Be7 5. Bg2 O-O 6. O-O dxc4 7. Qc2 a6 8. Qxc4 b5 9. Qc2 Bb7 10. Bd2 Be4 11. Qc1 $146 Bb7 12. Qc2 Be4 13. Qc1 Bb7 {LiveBook: 584 Games} 1/2-1/2

[Event "Almaty Open 2017"]
[Site "Almaty"]
[Date "2017.10.10"]
[Round "8"]
[White "Markov, Mikhail"]
[Black "Vakhidov, Daler"]
[Result "1-0"]
[WhiteElo "2420"]
[BlackElo "2234"]
[Annotator "TA"]
[PlyCount "143"]
[EventDate "2017.??.??"]
[EventType "swiss"]
[EventCountry "KAZ"]
[SourceTitle "playchess.com"]
[Source "ChessBase"]
[SourceQuality "1"]

{[%evp 9,143,-19,-22,-30,29,6,38,36,49,41,52,41,48,46,43,20,28,25,39,35,38,32,38,33,47,-17,-10,-97,-91,-97,0,-24,0,0,0,0,0,0,0,0,0,0,0,0,0,-15,-10,-20,0,0,0,0,0,0,94,59,47,0,0,0,0,0,0,0,17,0,8,0,0,0,0,0,0,0,0,0,7,0,0,0,0,0,0,0,15,0,0,0,0,-114,-87,-108,128,123,155,152,143,126,492,202,350,397,396,394,395,380,378,361,343,262,326,310,265,249,335,333,609,477,602,587,513,568,561,459,858,694,559,568,650,649,1036,584,1098,1047,29992,5057]} 1. d4 Nf6 2. Nc3 d6 3. Bg5 Nbd7 4. e4 e5 5. d5 (5. Be2 Be7 6. Qd2 c6 7. a4 exd4 8. Qxd4 Qb6 9. O-O-O Qxd4 10. Rxd4 Nc5 11. h4 a5 {0-1 (56) Kveinys,A (2497)-Mista,A (2585) Warsaw 2015}) 5... Be7 6. Be3 {A45: Damenbauernspiele (Trompowski-Angriff)} Nf8 $146 ({Günstiger ist} 6... c6) ({Vorgänger:} 6... O-O 7. f3 c6 8. a4 a5 9. Ra3 cxd5 10. exd5 Nh5 11. g3 f5 {1-0 (42) Wiemer,J (1874)-Burckhardt,K (1744) Binz 2013}) 7. f3 $11 Ng6 8. Qd2 {Weiß steht etwas besser.} h5 9. Bb5+ Bd7 10. Bxd7+ Qxd7 11. Nge2 h4 12. O-O-O c5 13. dxc6 bxc6 14. Bg5 Rd8 15. g3 h3 16. Rhf1 Nf8 17. Be3 (17. Bh4 $14) 17... d5 {Weiss sollte ...d4 verhindern.} 18. exd5 (18. Bg5 $11 {bleibt in der Remisbreite.}) 18... cxd5 $17 19. Bg5 d4 (19... N8h7 $1 $17 20. Kb1 d4 21. Bxf6 Nxf6) 20. Bxf6 $1 $11 gxf6 21. Ne4 f5 22. Nf2 $1 Ne6 23. Qa5 Qd5 24. Qxd5 Rxd5 25. c3 Bg5+ 26. Kb1 Be3 $1 27. cxd4 exd4 28. Nd3 Ke7 29. Rfe1 Kf6 30. f4 Kg7 31. Ng1 f6 (31... Nc5 $11) 32. Nb4 (32. Nf3 {is interesting.} Rc8 33. Re2 Kf7 34. Nde1 Rdd8 35. Nh4) 32... Rb5 33. Nc2 (33. Nc6 {seems wilder.} Bxg1 34. Rxg1 Rd5 35. Nxa7 Kf7 36. Rc1) 33... Bxg1 $1 34. Rxg1 {zielt auf Tge1 ab.} Rd8 35. Rd3 Kf7 36. Rgd1 {[%cal Rc2d4]} Rbd5 37. b4 R8d7 38. a3 a5 39. R1d2 a4 40. Kc1 Ke7 41. Kd1 Kd8 42. Ke2 Kc7 43. Rd1 Kc6 44. Kf3 Rd8 45. Ke2 R8d7 46. R3d2 Rd8 47. Kd3 Kb5 48. Re2 R5d6 49. Rde1 (49. Rc1 $1 $11) 49... Nc7 $17 50. Re7 {[#]} R8d7 $2 (50... Rc6 $1 $17 {und es läuft.}) 51. Rxd7 $16 Rxd7 52. Nxd4+ {[%mdl 4096] Endspiel KTS-KTS} Kb6 {...Sb5 ist eine echte Drohung.} 53. Kc4 Rd6 $2 {[%mdl 8192]} (53... Rd8 $16 {ist eine bessere Chance.} 54. b5 (54. Nxf5 Rd2 $11) 54... Rc8 55. Nxf5 Nxb5+ 56. Kb4 Nc7 57. Kxa4 Nd5 58. Re6+ Kc5) 54. Re2 (54. Re7 $142 {Droht stark Txc7!} Na8 55. Rh7) 54... Nb5 (54... Rd7 {ist eine bessere Verteidigung.} 55. Nxf5 Rd1) 55. Nxb5 $18 {KTS-KT} Rc6+ 56. Kd3 Kxb5 {[#] KT-KT} 57. Rc2 $1 {[%cal Rc2c6] Und Txc6 würde nun gewinnen.} Rd6+ 58. Ke3 Rd1 59. Rc5+ Kb6 60. Rxf5 Ra1 61. Rxf6+ Kb5 62. Rf5+ Kc4 $2 (62... Kc6 63. Rc5+ Kb6) 63. Rc5+ Kb3 64. b5 Kxa3 65. b6 Rb1 66. Rc6 Kb4 (66... Rb5 $142 67. f5 Rxf5) 67. b7 Ka5 68. Rc7 Ka6 69. f5 Rb3+ 70. Ke4 {Schwarz muss nun f6 beachten.} a3 {[#]} 71. Rc3 $3 {[%mdl 512]} a2 (71... Rxc3 72. b8=Q) 72. b8=Q {Precision: Weiß = 53%, Schwarz = 51%.} (72. Rxb3 $142 a1=Q 73. b8=Q Qe1+ 74. Kd5 Qh1+ 75. Ke5 Qe1+ 76. Kf6 Qa1+ 77. Kg6 Qf6+ 78. Kxf6 Ka5 79. Qb5#) 1-0

[Event "Almaty Open 2017"]
[Site "Almaty"]
[Date "2017.10.10"]
[Round "8"]
[White "Askarov, Bakhtiyar"]
[Black "Karayev, Assylkhan"]
[Result "1-0"]
[WhiteElo "2407"]
[BlackElo "2243"]
[Annotator "TA"]
[PlyCount "71"]
[EventDate "2017.??.??"]
[EventType "swiss"]
[EventCountry "KAZ"]
[SourceTitle "playchess.com"]
[Source "ChessBase"]
[SourceQuality "1"]

{[%evp 13,71,52,61,57,197,147,426,408,422,207,214,213,216,212,206,180,365,338,335,336,333,325,317,326,310,317,356,243,234,235,227,229,230,164,167,152,149,106,120,114,162,121,202,199,229,235,276,262,412,365,389,387,387,379,371,370,356,367,362,357]} 1. d4 d6 2. Nc3 Nf6 3. e4 Nbd7 4. f4 e5 5. Nf3 exd4 6. Qxd4 c6 7. Bd2 {B07: Pirc Defence: Miscellaneous Systems} d5 {LiveBook: 6 Games} 8. O-O-O {[%cal Re4d5]} c5 $146 (8... Bc5 $14 9. Qd3 dxe4 10. Nxe4 O-O) ({Predecessor:} 8... Bc5 9. Qd3 O-O 10. exd5 Qc7 11. g3 Rd8 12. Bg2 Nb6 13. Rhe1 Bf8 14. Be3 Nbxd5 15. Nxd5 Rxd5 {0-1 (30) Roberson,P (2374)-Laznicka,V (2686) England 2014}) 9. Qa4 {White is clearly better.} d4 $2 {[%mdl 8192] [#]} (9... Be7 $16) 10. e5 $18 Ng4 11. Ne4 (11. Nd5 $142) 11... Be7 12. e6 fxe6 13. Nfg5 Bxg5 14. Nxg5 Qf6 $2 (14... O-O {keeps fighting.}) 15. Bc4 O-O {[#] aiming for ...Nb6.} 16. Bxe6+ Kh8 {Strongly threatening ...Nb6.} 17. Bxd7 Nf2 18. Rhe1 ({Don't take} 18. Ne6 Bxd7 19. Qxd7 Rf7 $18) 18... Nxd1 19. Kxd1 ({Don't do} 19. Rxd1 $6 Qd6 $18) 19... h6 20. Re6 Bxd7 21. Qxd7 Qf5 22. Nf3 Rad8 23. g4 Rxd7 24. gxf5 Rxf5 25. b3 b6 26. Ke2 Kh7 27. Kd3 Rh5 (27... Rdf7 $16 {was called for.}) 28. h4 Rf7 29. Ke4 Rc7 30. Be1 Kg8 (30... Rf7 $142 31. Ne5 Rf8) 31. Bg3 {White is winning.} c4 {intending ...d3.} 32. f5 cxb3 33. cxb3 Rc3 34. Be5 Re3+ 35. Kf4 Kf7 36. Rd6 {Precision: White = 77%, Black = 45%.} ({Weaker is} 36. Nxd4 Rh3 $18) 1-0

[Event "Almaty Open 2017"]
[Site "Almaty"]
[Date "2017.10.10"]
[Round "8"]
[White "Akhmetov, Ayan"]
[Black "Filippov, Anton"]
[Result "0-1"]
[WhiteElo "2397"]
[BlackElo "2592"]
[Annotator "TA"]
[PlyCount "117"]
[EventDate "2017.??.??"]
[EventType "swiss"]
[EventCountry "KAZ"]
[SourceTitle "playchess.com"]
[Source "ChessBase"]
[SourceQuality "1"]

{[%evp 16,117,8,-1,20,19,16,0,0,-3,25,-8,-8,-11,-6,-6,-6,-6,-6,-6,0,-6,-6,-6,-6,-6,-4,-51,-15,-10,-10,-10,-10,-11,-11,-11,-11,-59,-57,-72,-47,-22,-31,-56,-55,-62,-45,-83,-77,-100,-125,-108,-83,-185,-120,-74,-80,-137,-70,-77,-74,-74,-77,-397,-445,-395,-8,-80,0,-271,-245,-3530,-4602,-5110,-5089,-1060,-1166,-12724,-6099,-5145,-12809,-6605,-9441,-454,-1660,-454,-454,-29964,-29961,-29974,-29975,-29975,-29976,-29976,-29977,-29981,-29978,-29978,-29979,-29979,-29980,-29980,-29981,-29986]} 1. e4 {[%cal Be2e4,Be4e5][%mdl 32]} e5 2. Nf3 Nc6 3. d4 exd4 4. Nxd4 Nf6 5. Nxc6 bxc6 6. e5 Qe7 7. Qe2 Nd5 8. c4 Nb6 9. b3 {LiveBook: 127 Games} d5 {C45: Scotch Game} (9... g6 10. Ba3 c5 11. Nc3 Bg7 12. O-O-O O-O 13. f4 Bb7 14. Nb5 a6 15. Nxc7 Rac8 16. Rd6 Nxc4 17. Qxc4 Rxc7 {0-1 (27) Ponkratov,P (2590)-Ponomariov,R (2712) Minsk 2017}) 10. exd6 cxd6 11. Bb2 d5 {The position is equal.} 12. Nd2 Be6 (12... dxc4 {with more complications.} 13. Nxc4 Qxe2+ 14. Bxe2 Bb4+ 15. Kf1 O-O) 13. Qe3 $146 (13. cxd5 {keeps more tension.} Nxd5 14. g3 Bg4 15. Qxe7+ Bxe7 16. f3) ({Predecessor:} 13. cxd5 Nxd5 14. Qe4 Bf5 15. Qxe7+ {½-½ (15) Relange,E (2490)-Marciano,D (2525) Meribel 1998}) 13... dxc4 14. Bxc4 Bxc4 15. Nxc4 Nxc4 16. Qxe7+ Bxe7 17. bxc4 Bb4+ 18. Ke2 O-O-O {Hoping for ...Rd2+.} 19. Rhd1 Rhe8+ 20. Kf1 f6 21. Bd4 Rxd4 22. Rxd4 $15 {[%mdl 4096] Endgame Threatens to win with Rad1. KRR-KRB} Bc3 23. Rad1 {And now Rd6 would win.} Bxd4 24. Rxd4 $11 {KR-KR} Re5 25. Rd3 Kc7 26. f3 h5 27. a3 a5 28. Kf2 Kb6 29. Rd7 g5 30. Rf7 Re6 31. g3 Kc5 32. Ra7 Kxc4 33. Rxa5 c5 34. Ra8 (34. a4 $17 {was worth a try.}) 34... Kb3 (34... Kd3 $1 $19 {...Re2+ is the strong threat.} 35. Rd8+ Kc3) 35. a4 $17 Kb4 $1 36. h4 (36. a5 $142) 36... gxh4 (36... c4 $1 $17 37. a5 Kb5) 37. gxh4 $15 c4 38. a5 Kb5 $1 39. Rc8 $2 {[%mdl 8192]} (39. Rh8 $17) 39... f5 $1 $19 {[%cal Rf5f4]} 40. Rf8 Re5 $2 (40... c3 $1 $19 {[%cal Rc3c2] Strongly threatening ...c2.} 41. Rc8 Kb4) 41. Rc8 (41. Ra8 $11) 41... Re6 $2 ({Not} 41... Kxa5 42. Rxc4 Kb5 43. Rc8 $16) (41... f4 $1 $17 42. a6 Re7) 42. Rf8 $1 {[#]} c3 $1 {[%cal Rc3c2]} ({Weaker is} 42... Kxa5 43. Rxf5+ Kb4 44. Rxh5 $17) 43. Rxf5+ $2 (43. Rc8 Kb4 44. f4) 43... Kb4 44. Rf4+ Kb3 45. Rf8 Rc6 46. Rb8+ Ka2 47. a6 Rxa6 48. Ke2 {[#]} Rd6 $1 49. Rc8 Kb2 50. Rb8+ Kc1 51. f4 (51. Rb5 $19 Re6+ 52. Kd3) 51... c2 {Black mates.} 52. Rc8 Rd2+ 53. Ke3 Kd1 54. f5 c1=Q 55. Rxc1+ Kxc1 56. Kf4 Rg2 57. f6 Kd2 58. Ke5 Rf2 59. Kd4 {Precision: White = 34%, Black = 62%.} 0-1

[Event "Almaty Open 2017"]
[Site "Almaty"]
[Date "2017.10.10"]
[Round "8"]
[White "Urazayev, Arystanbek"]
[Black "Ansat, Aldiyar"]
[Result "1-0"]
[WhiteElo "2363"]
[BlackElo "1996"]
[Annotator "NA RC"]
[PlyCount "83"]
[EventDate "2017.??.??"]
[EventType "swiss"]
[EventCountry "KAZ"]
[SourceTitle "playchess.com"]
[Source "ChessBase"]
[SourceQuality "1"]
[TimeControl "5400+30"]

{[%evp 8,54,41,18,12,-9,-5,-17,13,-10,14,0,-2,0,-4,0,15,32767,38,29,44,-2,8,16,11,13,7,14,5,0,-14,-14,25,5,21,0,4,-39,36,20,27,25,33,31,29,8,22,15,78]} 1. Nf3 {[%emt 0:12:49]} c5 {[%emt 0:00:15]} 2. g3 {[%emt 0:00:33]} b6 {[%emt 0:00:18]} 3. Bg2 {[%emt 0:00:29]} Bb7 {[%emt 0:00:17]} 4. O-O {[%emt 0:00:32]} Nf6 {[%emt 0:00:37]} 5. d3 {[%emt 0:00:15]} e6 {[%emt 0:00:33]} 6. Nbd2 {[%emt 0:00:07]} Be7 {[%emt 0:00:20]} 7. e4 {[%emt 0:00:34]} d6 {[%emt 0:00:18] LiveBook: 58 Games} 8. h3 {[%emt 0:08:10] A05: Réti Opening: 1 Nf3 Nf6} (8. c3 Nbd7 9. Qe2 Qc7 10. Rd1 O-O 11. d4 cxd4 12. cxd4 Rac8 13. Ne1 a6 14. Nd3 b5 15. f3 a5 {½-½ (41) Karjakin,S (2753)-Tomashevsky,E (2747) Chita 2015}) 8... Nbd7 {[%emt 0:06:31]} 9. Nh2 {[%emt 0:00:52]} Qc7 {[%emt 0:10:26]} 10. f4 {[%emt 0:00:52]} b5 {[%emt 0:11:59]} 11. a4 {[%emt 0:06:49]} a6 {[%emt 0:04:33]} 12. g4 $146 {[%emt 0:04:01]} ({Predecessor:} 12. Qe2 O-O 13. g4 {1-0 (28) Ponizil,C (2295)-Kratochvil,J (2006) Havlickuv Brod 2008}) 12... Nb6 {[%emt 0:08:38]} 13. g5 {[%emt 0:03:24]} Nfd7 {[%emt 0:04:14]} 14. a5 {[%emt 0:00:24]} Nc8 {[%emt 0:04:19]} 15. Qh5 {[%emt 0:07:38]} Na7 {[%emt 0:11:26]} 16. b3 {[%emt 0:07:13]} g6 {[%emt 0:11:26]} 17. Qe2 {[%emt 0:01:21]} Nc6 {[%emt 0:00:47]} 18. Ndf3 {[%emt 0:00:48]} O-O-O {[%emt 0:03:29]} 19. Bb2 {[%emt 0:00:34]} Rhe8 {[%emt 0:00:54]} 20. Ng4 {[%emt 0:02:14]} Kb8 {[%emt 0:05:00]} 21. Qd2 {[%emt 0:03:40]} b4 {[%emt 0:05:28]} 22. Nh6 {[%emt 0:04:12]} f6 {[%emt 0:00:33]} 23. Nf7 {[%emt 0:04:51]} Rc8 {[%emt 0:00:09]} 24. gxf6 {[%emt 0:01:12]} Bxf6 {[%emt 0:00:23]} 25. e5 {[%emt 0:07:52]} dxe5 {[%emt 0:01:02]} 26. fxe5 {[%emt 0:02:51]} Bxe5 {[%emt 0:01:49]} 27. N3xe5 {[%emt 0:01:19]} Ncxe5 $16 {[%emt 0:00:20]} 28. Nxe5 {[%emt 0:00:46]} Nxe5 {[%emt 0:00:10]} 29. Qe3 {[%emt 0:02:49]} Nd7 {[%emt 0:03:32]} 30. Bxb7 {[%emt 0:00:41]} Qxb7 {[%emt 0:01:34]} 31. Rf7 {[%emt 0:00:18]} Rf8 {[%emt 0:02:17]} 32. Raf1 {[%emt 0:01:03]} Rxf7 {[%emt 0:01:05]} 33. Rxf7 {[%emt 0:00:03]} Qd5 {[%emt 0:00:39]} 34. Qe4 {[%emt 0:02:33]} Qg5+ {[%emt 0:01:36]} 35. Kh1 {[%emt 0:00:12]} Rd8 {[%emt 0:00:19]} 36. Bf6 {[%emt 0:04:10]} Qc1+ {[%emt 0:00:32]} 37. Kg2 {[%emt 0:00:02]} Qxc2+ {[%emt 0:00:37]} 38. Kg3 {[%emt 0:00:01]} Qd1 {[%emt 0:00:34]} 39. Bxd8 {[%emt 0:01:25]} Qg1+ {[%emt 0:00:08]} 40. Qg2 {[%emt 0:00:35]} Qe3+ {[%emt 0:00:11]} 41. Kh2 {[%emt 0:01:12]} Qe5+ {[%emt 0:00:42]} 42. Qg3 {[%emt 0:01:23]} 1-0